00449cam a22001572 4500001001100000005001700011008004100028020002000069040001500089050001700104100003500121245004500156260003200201300001700233650004100250000000200520151217151836.0070330s xx 000 0 eng d a0262032864 :D : aKABUcKABU 0aHD2326b.C331 aCabral, Luis M. B.@000015117010aIntroduction to industrial organization. aLondon :bMIT Press,c2002. axiii, 354 p. 0aIndustrial organization.@0000151171